000 01634nam0a2200325 4500
001 RU\NLR\BIBL_A\022724949
005 20260531092000.0
021 _aRU
_bКН-П-25-075889
_9КН-П-25-7356
035 _a(NLR Aleph) 022724949
090 _a13713653
_c13713653
100 _a20260211d2025 u y0rusy50 ca
101 0 _arus
102 _aRU
105 _aa j 000yy
181 0 _ai3
_baxxe
182 0 _an
200 1 _aПрофилактика суицидального поведения обучающихся
_eучебно-методическое пособие
_fЕ. Г. Сердюк, К. Р. Муромцева
_gФедеральное государственное бюджетное образовательное учреждение высшего образования "Государственный морской университет имени адмирала Ф. Ф. Ушакова"
203 _aТекст
_bвизуальный
_cнепосредственный
210 _aНовороссийск
_cРИО ГМУ им. адм. Ф. Ф. Ушакова
_d2025
215 _a39 с.
_cтабл.
_d21
606 1 _aУчащиеся
_jУчебно-методические пособия
_xСуицидальное поведение
_xПрофилактика
_92215417
_3RU\NLR\AUTH\6601564166
686 1 _aЮ983.620.1-81я7
686 1 _aС550.8я7
686 1 _aЧ313.542я7
700 1 _aСердюк
_bЕ. Г.
_gЕлена Григорьевна
701 1 _aМуромцева
_bК. Р.
942 _cBOOK
980 _aNB